[Event "Plymouth (MI Op/4/53)"]
[Site "?"]
[Date "1984.??.??"]
[Round "?"]
[White "Shavalier, J.."]
[Black "Rencsok, R.."]
[Result "1-0"]
[WhiteElo "2065"]
[BlackElo "1605"]
[PlyCount "77"]
[EventDate "1984.??.??"]

{4/(53)} 1. e4 e6 2. d4 d5 3. e5 b6 4. c3 Qd7 5. Nf3 Ba6 6. Bxa6 Nxa6 7. Qe2
Nb8 8. O-O c5 9. Nbd2 h6 10. Re1 Qc7 11. Nf1 Nd7 12. Ng3 Ne7 13. Be3 Nc6 14.
Rac1 f6 15. exf6 gxf6 16. c4 O-O-O 17. cxd5 exd5 18. dxc5 Nxc5 19. Bd4 Qf4 20.
Bxc5 Bxc5 21. a3 a5 22. Qb5 Kd7 23. Ne2 Qd6 24. Ned4 Rhe8 25. Red1 Kc7 26. b4
axb4 27. axb4 Nxd4 28. Nxd4 Qd7 29. Qxd7+ Rxd7 30. bxc5 bxc5 31. Rxc5+ Kd6 32.
Rc6+ Ke5 33. Re1+ Kxd4 34. Rxe8 Rb7 35. Re1 Rb2 36. Rd1+ Ke5 37. Rc5 Ke4 38.
Rcxd5 f5 39. R1d4# 1-0

[Event "Plymouth (MI Op/2/18)"]
[Site "?"]
[Date "1984.??.??"]
[Round "?"]
[White "Shavalier, J.."]
[Black "Maring, L.."]
[Result "0-1"]
[WhiteElo "2065"]
[BlackElo "1945"]
[PlyCount "96"]
[EventDate "1984.??.??"]

{2/(18)} 1. e4 e5 2. Nc3 Nf6 3. g3 Nc6 4. Bg2 d6 5. d3 Be7 6. Nge2 O-O 7. f4
exf4 8. gxf4 Bg4 9. Be3 Bh5 10. Qd2 Ng4 11. Ng3 Bh4 12. Nce2 Nxe3 13. Qxe3 f5
14. O-O Bg6 15. exf5 Bxf5 16. Nxf5 Rxf5 17. Qe6+ Rf7 18. Bd5 Qf6 19. Qxf7+ Qxf7
20. Bxf7+ Kxf7 21. Rf3 Re8 22. Ng3 Nd4 23. Rf2 g6 24. Rg2 d5 25. c3 Nc6 26. Re2
Bxg3 27. Rxe8 Bxh2+ 28. Kxh2 Kxe8 29. Kg3 Ne7 30. Re1 Kf7 31. d4 Nf5+ 32. Kf3
Nd6 33. Re5 c6 34. Kg4 Kf6 35. a4 h5+ 36. Kf3 Kf7 37. Re2 Ne4 38. c4 Nf6 39. c5
Ne4 40. a5 a6 41. f5 g5 42. Rxe4 dxe4+ 43. Kxe4 Kf6 44. b4 h4 45. b5 h3 46. Kf3
cxb5 47. d5 Kxf5 48. c6 bxc6 0-1

[Event "Plymouth (MI Op/6/26)"]
[Site "?"]
[Date "1984.??.??"]
[Round "?"]
[White "Shavalier, J.."]
[Black "Jackson, J.."]
[Result "1-0"]
[WhiteElo "2065"]
[BlackElo "1755"]
[PlyCount "87"]
[EventDate "1984.??.??"]

{6/(26)} 1. e4 e6 2. d4 d5 3. e5 c5 4. c3 Nc6 5. Nf3 Qb6 6. a3 c4 7. Nbd2 Na5
8. b4 cxb3 9. Bb2 Bd7 10. c4 dxc4 11. Nxc4 Nxc4 12. Bxc4 Ba4 13. O-O Rc8 14.
Rc1 Ne7 15. Re1 Bc6 16. Re3 Qd8 17. Qxb3 Nd5 18. Bxd5 Bxd5 19. Rxc8 Qxc8 20.
Qa4+ Bc6 21. Qxa7 Be7 22. Rc3 O-O 23. d5 exd5 24. Nd4 Qg4 25. f3 Qg6 26. Nxc6
Qb1+ 27. Rc1 Qxb2 28. Nxe7+ Kh8 29. Qc5 Re8 30. Nxd5 Qxe5 31. Nc7 Qxc5+ 32.
Rxc5 Rd8 33. Rb5 g6 34. Rxb7 Rd7 35. a4 Rd1+ 36. Kf2 Rd2+ 37. Ke3 Rxg2 38. a5
Rxh2 39. a6 Ra2 40. a7 Ra3+ 41. Kf2 Ra2+ 42. Kg3 Kg7 43. a8=Q Rxa8 44. Nxa8 1-0

[Event "Plymouth (MI Op/6/32)"]
[Site "?"]
[Date "1984.??.??"]
[Round "?"]
[White "Shaler, Tom"]
[Black "Ward, Tim"]
[Result "0-1"]
[WhiteElo "1650"]
[BlackElo "1890"]
[PlyCount "120"]
[EventDate "1984.??.??"]

{6/(32)} 1. e4 e6 2. d4 d5 3. Nc3 Nf6 4. e5 Nfd7 5. f4 c5 6. Nf3 Nc6 7. Be3
cxd4 8. Nxd4 a6 9. Qd2 Bb4 10. a3 Be7 11. Be2 O-O 12. Bg4 Nb6 13. b3 Nxd4 14.
Bxd4 f6 15. O-O Bd7 16. Qe3 Nc8 17. exf6 Bxf6 18. Bxe6+ Bxe6 19. Qxe6+ Kh8 20.
Bxf6 Rxf6 21. Qxd5 Qb6+ 22. Kh1 Ne7 23. Qf3 Rc8 24. Rae1 Qc7 25. Ne4 Rf7 26.
Re2 Rcf8 27. g3 h6 28. Qc3 Qd7 29. Rfe1 Qh3 30. Nf2 Qd7 31. Qd3 Qc6+ 32. Qe4
Qc7 33. Qe5 Qc6+ 34. Qe4 Qc7 35. Qb4 Qc6+ 36. Kg1 Qg6 37. Rxe7 Rxf4 38. Qd2
Rxf2 39. Qxf2 Rxf2 40. Kxf2 Qxc2+ 41. R1e2 Qxb3 42. Kg2 Qd5+ 43. Kf2 Qc5+ 44.
Kg2 b5 45. R2e3 a5 46. R7e5 Qc4 47. R5e4 Qc6 48. Kh3 Qc1 49. Kg4 Kh7 50. h4 b4
51. axb4 axb4 52. Re1 Qc8+ 53. Kf4 b3 54. R4e2 Qc4+ 55. Kf5 Qc3 56. g4 b2 57.
g5 Qd3+ 58. Re4 hxg5 59. hxg5 b1=Q 60. g6+ Kh6 0-1

[Event "Plymouth (MI Op/5/41)"]
[Site "?"]
[Date "1984.??.??"]
[Round "?"]
[White "Shaler, Tom"]
[Black "Owens, James"]
[Result "1-0"]
[WhiteElo "1650"]
[BlackElo "1825"]
[PlyCount "105"]
[EventDate "1984.??.??"]

{5/(41)} 1. e4 c5 2. Nf3 d6 3. d4 cxd4 4. Nxd4 Nf6 5. Nc3 a6 6. Bg5 e6 7. f4
Nbd7 8. Qf3 Be7 9. Bc4 Nc5 10. b4 Ncxe4 11. Nxe4 Nxe4 12. Bxe7 Qxe7 13. Qxe4 d5
14. Bxd5 exd5 15. Qxe7+ Kxe7 16. O-O-O Rd8 17. Rhe1+ Kf8 18. Rd3 b5 19. Rc3 Ra7
20. Kb2 Rad7 21. Nc6 Re8 22. Rxe8+ Kxe8 23. Ne5 Rd8 24. Rc7 Bd7 25. Ra7 f6 26.
Nxd7 Rxd7 27. Rxa6 d4 28. Rb6 Rd5 29. Rb8+ Kf7 30. Rb7+ Kg6 31. g4 h5 32. gxh5+
Kh6 33. Rc7 Rxh5 34. Rd7 Rxh2 35. Rxd4 g5 36. fxg5+ Kxg5 37. Rd5+ f5 38. Rxb5
Kg4 39. Rb8 f4 40. Rg8+ Kh3 41. b5 Re2 42. b6 Re7 43. a4 Rf7 44. a5 f3 45. a6
f2 46. Rh8+ Kg2 47. Rg8+ Kh3 48. Rh8+ Kg2 49. a7 f1=Q 50. a8=Q+ Kf2 51. Qd5 Rf4
52. Qd2+ Kf3 53. Qxf4+ 1-0

[Event "Plymouth (MI Op/1a/30)"]
[Site "?"]
[Date "1984.??.??"]
[Round "?"]
[White "Shaler, Tom"]
[Black "Fletcher, G.."]
[Result "1-0"]
[WhiteElo "1650"]
[BlackElo "1605"]
[PlyCount "35"]
[EventDate "1984.??.??"]

1. e4 e5 2. f4 exf4 3. Nf3 g5 4. Bc4 Nf6 5. Nxg5 d5 6. exd5 Nxd5 7. Qe2+ Be7 8.
Nxf7 Kxf7 9. Qh5+ Ke6 10. d4 Bh4+ 11. g3 fxg3 12. Qe5+ Kf7 13. Bxd5+ Kg6 14.
hxg3 Re8 15. Be4+ Kf7 16. Qh5+ Kg8 17. Qxh7+ Kf8 18. Bh6# 1-0

[Event "Plymouth (MI Op/2/27)"]
[Site "?"]
[Date "1984.??.??"]
[Round "?"]
[White "Shaler, Tom"]
[Black "Arganian, David G"]
[Result "0-1"]
[WhiteElo "1650"]
[BlackElo "2050"]
[PlyCount "80"]
[EventDate "1984.??.??"]

{2/(27)} 1. e4 d6 2. d4 Nf6 3. Nc3 g6 4. f4 Bg7 5. Nf3 c5 6. e5 dxe5 7. fxe5
Nfd7 8. Bf4 cxd4 9. Qxd4 Nc6 10. Qe3 Qa5 11. Bb5 a6 12. Bxc6 bxc6 13. O-O O-O
14. Ne2 Qb6 15. Qxb6 Nxb6 16. Ned4 Nd5 17. Bg5 h6 18. Bh4 g5 19. Bg3 Bd7 20.
Rae1 c5 21. Nb3 Bb5 22. Rf2 Rfc8 23. Nfd2 c4 24. Nd4 c3 25. bxc3 Nxc3 26. a3 e6
27. Ne4 Nxe4 28. Rxe4 Bf8 29. h4 Rc3 30. Rg4 Rxa3 31. Nb3 Rd8 32. hxg5 Ra4 33.
Bf4 h5 34. Rh4 Bc4 35. Kh2 Ra2 36. Nc1 Bc5 37. Rf3 Rxc2 38. Nb3 Bd5 39. Rfh3
Rxg2+ 40. Kh1 Re2+ 0-1

[Event "Plymouth (MI Op/1a/27)"]
[Site "?"]
[Date "1984.??.??"]
[Round "?"]
[White "Shaler, Terri"]
[Black "Robes, S.."]
[Result "1-0"]
[WhiteElo "1605"]
[BlackElo "1670"]
[PlyCount "37"]
[EventDate "1984.??.??"]

1. e4 e5 2. Nf3 Nc6 3. Bc4 h6 4. Nc3 Nf6 5. O-O Be7 6. d4 exd4 7. Nxd4 Nxd4 8.
Qxd4 d6 9. b3 c5 10. Qe3 Be6 11. Nd5 O-O 12. Bb2 a6 13. Qg3 b5 14. Be2 Kh8 15.
Nf4 Rg8 16. Rad1 Nxe4 17. Qe3 d5 18. Nxe6 fxe6 19. Qxh6# 1-0

[Event "Plymouth (MI Op/3/9)"]
[Site "?"]
[Date "1984.??.??"]
[Round "?"]
[White "Shaler, Terri"]
[Black "Kulbacki, James"]
[Result "1/2-1/2"]
[WhiteElo "1605"]
[BlackElo "1990"]
[PlyCount "20"]
[EventDate "1984.??.??"]

{3/(9)} 1. e4 e6 2. d4 d5 3. exd5 exd5 4. Nf3 Bd6 5. c4 dxc4 6. Bxc4 Ne7 7. Nc3
c6 8. O-O O-O 9. Bg5 Bg4 10. Ne4 Qc7 1/2-1/2

[Event "Plymouth (MI Op/5/19)"]
[Site "?"]
[Date "1984.??.??"]
[Round "?"]
[White "Shaler, Terri"]
[Black "Kitts, Gary"]
[Result "0-1"]
[WhiteElo "1605"]
[BlackElo "2015"]
[PlyCount "34"]
[EventDate "1984.??.??"]

{5/(19)} 1. e4 Nf6 2. Nc3 d5 3. exd5 Nxd5 4. Nxd5 Qxd5 5. b3 Qe5+ 6. Be2 Qxa1
7. Nf3 Bf5 8. a4 e5 9. O-O Bc5 10. d3 O-O 11. Qd2 Nc6 12. c3 Rad8 13. Bb2 Qa2
14. Qc2 Ba3 15. Rb1 Rfe8 16. Nd2 e4 17. dxe4 Rxd2 0-1

[Event "Plymouth (MI Op/6/35)"]
[Site "?"]
[Date "1984.??.??"]
[Round "?"]
[White "Shaler, Terri"]
[Black "Brattin, Vincent"]
[Result "0-1"]
[WhiteElo "1605"]
[BlackElo "1835"]
[PlyCount "36"]
[EventDate "1984.??.??"]

{6/(35)} 1. e4 e5 2. Nf3 Nc6 3. Bc4 Nf6 4. Ng5 Bc5 5. Nxf7 Bxf2+ 6. Kf1 Qe7 7.
Nxh8 d5 8. exd5 Nd4 9. h3 Qf8 10. d3 Bg3 11. Kg1 Ng4 12. Qd2 Bf2+ 13. Kf1 Be3+
14. Ke1 Bxd2+ 15. Kxd2 Qf4+ 16. Kc3 Ne2+ 17. Kb4 a5+ 18. Ka3 Qf8+ 0-1

[Event "East Detroit (MCO/1/42)"]
[Site "?"]
[Date "1984.??.??"]
[Round "?"]
[White "Serwatowski, Felix"]
[Black "Winfield, J.."]
[Result "0-1"]
[WhiteElo "1605"]
[BlackElo "1680"]
[PlyCount "74"]
[EventDate "1984.??.??"]

{1/(42)} 1. e4 e5 2. Nf3 d6 3. Nc3 Bg4 4. Be2 f5 5. d3 Nf6 6. Bg5 Be7 7. Bxf6
Bxf6 8. Nd5 fxe4 9. dxe4 Nd7 10. Bb5 O-O 11. Qe2 Bg5 12. Qc4 Kh8 13. Bxd7 Bxf3
14. gxf3 Qxd7 15. Rg1 Bh6 16. Qc3 Qh3 17. Ke2 Rf7 18. Rg3 Qxh2 19. Rag1 c6 20.
Qe1 Qh4 21. Rh1 Qd8 22. Ne3 Qb6 23. b3 Qa6+ 24. Nc4 d5 25. Qa5 dxc4 26. Qxa6
bxa6 27. bxc4 Rd8 28. Rd1 Rxd1 29. Kxd1 Rd7+ 30. Ke1 Rd2 31. f4 Bxf4 32. Rb3 h5
33. Rb2 h4 34. Kf1 h3 35. Rb1 Rxc2 36. Rb3 h2 37. Kg2 Rxf2+ 0-1

[Event "Plymouth (MI Op/7/77)"]
[Site "?"]
[Date "1984.??.??"]
[Round "?"]
[White "Serwatowski, Felix"]
[Black "Redding, T.."]
[Result "1-0"]
[WhiteElo "1605"]
[BlackElo "1605"]
[PlyCount "61"]
[EventDate "1984.??.??"]

{7/(77)} 1. e4 e6 2. d4 d5 3. Nc3 dxe4 4. Nxe4 f5 5. Ng3 b6 6. Bc4 Nc6 7. Nf3
Ba6 8. Bxa6 Nf6 9. O-O Rb8 10. c3 g6 11. Qe2 Qe7 12. Bg5 Bg7 13. Bb5 Kf7 14.
Bxc6 h6 15. Ne5+ Kg8 16. Nxg6 Qd6 17. Nxh8 Kxh8 18. Bxf6 Qxc6 19. Bxg7+ Kxg7
20. Nh5+ Kf7 21. Qe5 Kg6 22. Qf6+ Kxh5 23. Qf7+ Kh4 24. g3+ Kg5 25. Qg7+ Kh5
26. Qf7+ Kg4 27. f3+ Qxf3 28. Rxf3 Kxf3 29. Re1 Kg4 30. Qg6+ Kh3 31. Qh5# 1-0

[Event "Plymouth (MI Op/5/82)"]
[Site "?"]
[Date "1984.??.??"]
[Round "?"]
[White "Serwatowski, Felix"]
[Black "Lahr, Fred"]
[Result "0-1"]
[WhiteElo "1605"]
[BlackElo "1605"]
[PlyCount "114"]
[EventDate "1984.??.??"]

{5/(82)} 1. e4 c5 2. Nf3 d6 3. d4 cxd4 4. Nxd4 Nf6 5. Nc3 a6 6. Bd3 e6 7. O-O
Nbd7 8. Nf3 b5 9. a3 Bb7 10. Bg5 Qc7 11. Re1 Be7 12. Rb1 h6 13. Bxf6 Bxf6 14.
Ne2 d5 15. exd5 Bxd5 16. Ned4 Nc5 17. Bf1 Ne4 18. Bd3 Nc5 19. Nf5 O-O 20. Ne3
Bb7 21. Be2 Rad8 22. Qc1 e5 23. Ng4 Ne4 24. Nxf6+ Nxf6 25. Qe3 Qxc2 26. Rec1
Qe4 27. Qxe4 Bxe4 28. Ra1 Rfe8 29. Rd1 Rxd1+ 30. Rxd1 Bd5 31. h3 e4 32. Nh4 Rc8
33. Nf5 Kf8 34. Bf1 g6 35. Nxh6 Rc2 36. b4 Ra2 37. Ng4 Bb3 38. Re1 Nxg4 39.
hxg4 f5 40. gxf5 gxf5 41. g3 Rxa3 42. Bh3 Be6 43. Rd1 Ke7 44. Rc1 Kd6 45. Rc5
Rf3 46. Rc1 Rb3 47. Rd1+ Ke5 48. Ra1 Rxb4 49. Rxa6 Rb1+ 50. Kh2 Rb2 51. Kg1 b4
52. Bf1 Rb1 53. Kg2 b3 54. Bb5 b2 55. Rb6 Rg1+ 56. Kxg1 b1=Q+ 57. Kg2 Bc4 0-1

[Event "Plymouth (MI Op/2/84)"]
[Site "?"]
[Date "1984.??.??"]
[Round "?"]
[White "Serwatowski, Felix"]
[Black "Howell, P.."]
[Result "0-1"]
[WhiteElo "1605"]
[BlackElo "1605"]
[PlyCount "92"]
[EventDate "1984.??.??"]

{2/(84)} 1. e4 c5 2. Nf3 e6 3. d4 cxd4 4. Nxd4 Nf6 5. Nc3 Bb4 6. Bd2 Bxc3 7.
Bxc3 Nxe4 8. Nf3 Nxc3 9. bxc3 d5 10. Be2 Qc7 11. Qd3 Nd7 12. O-O Nc5 13. Qd4
O-O 14. Nd2 Rd8 15. f4 Bd7 16. Rf3 f6 17. Qf2 Na4 18. Qg3 Be8 19. Re3 Bf7 20.
Rf1 Qb6 21. Rb1 Qc7 22. Kh1 Rac8 23. h3 Nxc3 24. Rd1 d4 25. Rf3 Bh5 26. Bd3
Bxf3 27. Nxf3 Qd6 28. Qh4 h6 29. Qg4 f5 30. Qh4 Na4 31. Ne5 Nc5 32. Qh5 Rc7 33.
Bb5 Qe7 34. Ng6 Qf7 35. Qh4 Qf6 36. Qh5 Ne4 37. Kh2 Qf7 38. Ba4 Kh7 39. Qh4
Qxg6 40. Bb3 Rd6 41. c4 dxc3 42. Bc2 Rd2 43. Bxe4 fxe4 44. Rg1 c2 45. Qg4 Qxg4
46. hxg4 Rd1 0-1

[Event "East Detroit (MCO/5/44)"]
[Site "?"]
[Date "1984.??.??"]
[Round "?"]
[White "Serwatowski, Felix"]
[Black "Clark, K.."]
[Result "0-1"]
[WhiteElo "1605"]
[BlackElo "1605"]
[PlyCount "34"]
[EventDate "1984.??.??"]

{5/(44)} 1. d4 d5 2. Nf3 Nc6 3. e3 Nf6 4. c4 e6 5. Nc3 Be7 6. Be2 O-O 7. O-O
Na5 8. b3 c5 9. cxd5 exd5 10. Qc2 Nc6 11. Ba3 cxd4 12. Bxe7 Qxe7 13. exd4 Bg4
14. Rfe1 Rfe8 15. Rad1 Bxf3 16. Bxf3 Qxe1+ 17. Rxe1 Rxe1# 0-1

[Event "Plymouth (MI Op/1a/34)"]
[Site "?"]
[Date "1984.??.??"]
[Round "?"]
[White "Serlin, R.."]
[Black "Shields, S.."]
[Result "1-0"]
[WhiteElo "1605"]
[BlackElo "1605"]
[PlyCount "83"]
[EventDate "1984.??.??"]

1. e4 e5 2. Nf3 Nc6 3. Bc4 h6 4. c3 a6 5. d4 b5 6. Bd5 exd4 7. cxd4 Nf6 8. Nc3
Nxd5 9. Nxd5 Ne7 10. Nf4 Bb7 11. d5 Nc8 12. O-O Nb6 13. b3 Qe7 14. Bb2 O-O-O
15. e5 Qc5 16. Rc1 Qb4 17. Bd4 Nxd5 18. Nxd5 Bxd5 19. Bc3 Qe4 20. Re1 Qg6 21.
Qxd5 Qc6 22. Qxc6 dxc6 23. Ba5 Kb7 24. b4 g5 25. Rc2 Be7 26. Rec1 g4 27. Rxc6
Rd1+ 28. Rxd1 Kxc6 29. Nd4+ Kb7 30. Rc1 Rc8 31. Nf5 Bg5 32. Rc2 Rd8 33. Rxc7+
Ka8 34. Nd6 Bf4 35. Rxf7 Bxe5 36. Bxd8 Bxd6 37. Rf6 Bxb4 38. Rxa6+ Kb7 39. Rxh6
Kc8 40. Bf6 Kd7 41. Bb2 Bd6 42. Rg6 1-0

[Event "Plymouth (MI Op/7/38)"]
[Site "?"]
[Date "1984.??.??"]
[Round "?"]
[White "Serlin, R.."]
[Black "Owens, James"]
[Result "0-1"]
[WhiteElo "1605"]
[BlackElo "1825"]
[PlyCount "82"]
[EventDate "1984.??.??"]

{7/(38)} 1. e4 c6 2. d4 d5 3. Nc3 dxe4 4. Nxe4 Bf5 5. Ng3 Bg6 6. Bf4 Nf6 7. c3
Nbd7 8. Bd3 Nd5 9. Bxg6 hxg6 10. Qd2 e6 11. Nf3 c5 12. O-O cxd4 13. Rfe1 dxc3
14. Qxd5 cxb2 15. Rad1 Nc5 16. Qxd8+ Rxd8 17. Rxd8+ Kxd8 18. Rd1+ Ke8 19. Be5
Na4 20. Nd2 f6 21. Bf4 Nc3 22. Rf1 Rh4 23. Be3 Ra4 24. Nb1 Nxb1 25. Rxb1 Rxa2
26. Nf1 Ba3 27. Bd4 e5 28. Bc3 b5 29. Nd2 b4 30. Rxb2 Rxb2 31. Bxb2 Bxb2 32.
Kf1 Bc3 33. Nb3 Kd7 34. Ke2 Kc6 35. Kd3 Kb5 36. g3 a5 37. f4 exf4 38. gxf4 a4
39. Nc1 Bb2 40. Ne2 b3 41. Kd2 a3 0-1

[Event "Plymouth (MI Op/3/35)"]
[Site "?"]
[Date "1984.??.??"]
[Round "?"]
[White "Serlin, R.."]
[Black "Kitts, Gary"]
[Result "0-1"]
[WhiteElo "1605"]
[BlackElo "2015"]
[PlyCount "50"]
[EventDate "1984.??.??"]

{3/(35)} 1. e4 Nf6 2. e5 Nd5 3. c4 Nb6 4. d4 d6 5. Nf3 Bg4 6. exd6 cxd6 7. b3
g6 8. h3 Bxf3 9. Qxf3 Nc6 10. Bb2 Bg7 11. Qe3 O-O 12. Bc3 d5 13. Na3 e5 14.
dxe5 d4 15. Bxd4 Nxd4 16. O-O-O Qe7 17. Rxd4 Qxa3+ 18. Kb1 Rad8 19. f4 Qc5 20.
Rd3 Qxe3 21. Rxe3 Rd1+ 22. Kc2 Rfd8 23. Re2 Ra1 24. c5 Nd5 25. e6 Nb4# 0-1

[Event "Plymouth (MI Op/5/44)"]
[Site "?"]
[Date "1984.??.??"]
[Round "?"]
[White "Serlin, R.."]
[Black "Hendricks, Marcus"]
[Result "0-1"]
[WhiteElo "1605"]
[BlackElo "1805"]
[PlyCount "26"]
[EventDate "1984.??.??"]

{5/(44)} 1. e4 c5 2. Nf3 d6 3. d4 cxd4 4. Nxd4 Nf6 5. Nc3 Nc6 6. f4 g6 7. Bb5
Bd7 8. O-O Bg7 9. Nxc6 bxc6 10. Bc4 Qb6+ 11. Rf2 Ng4 12. Qe1 Nxf2 13. Qxf2 Bd4
0-1

[Event "Plymouth (MI Op/4/50)"]
[Site "?"]
[Date "1984.??.??"]
[Round "?"]
[White "Selitsky, B.."]
[Black "Marinucci, M.."]
[Result "0-1"]
[WhiteElo "1790"]
[BlackElo "1605"]
[PlyCount "116"]
[EventDate "1984.??.??"]

{4/(50)} 1. e4 e5 2. Nf3 Nc6 3. Bb5 a6 4. Ba4 b5 5. Bb3 Nf6 6. O-O Bb7 7. c3
Na5 8. Nxe5 Nxb3 9. axb3 Bxe4 10. Re1 Be7 11. Qe2 O-O 12. d3 Bb7 13. Bg5 Re8
14. Qd1 d6 15. Nf3 Ng4 16. Bf4 Bf8 17. Nbd2 Rxe1+ 18. Qxe1 Qf6 19. Bg3 Qe7 20.
Qd1 Re8 21. Qc2 Ne5 22. Nxe5 dxe5 23. Re1 f6 24. f4 Qd7 25. fxe5 fxe5 26. Ne4
b4 27. h3 Rd8 28. Rd1 Bxe4 29. Bxe5 Bxd3 30. Qd2 Bc5+ 31. Kh2 Bf5 32. Qg5 Bd6
33. g3 h6 34. Qh4 bxc3 35. bxc3 Re8 36. Qc4+ Kh7 37. Bf4 Qe6 38. Bxd6 Qe2+ 39.
Qxe2 Rxe2+ 40. Kg1 cxd6 41. Rxd6 Bxh3 42. Rxa6 Rg2+ 43. Kh1 Rf2 44. Kg1 Rb2 45.
Rb6 Rg2+ 46. Kh1 Rc2 47. c4 h5 48. Rd6 Rc3 49. Kh2 Bg4 50. Rb6 Bd1 51. Rb5 Rxb3
52. Rxb3 Bxb3 53. c5 Ba4 54. Kh3 g5 55. Kg2 Kg6 56. Kf3 Kf5 57. Kg2 Bc6+ 58.
Kh3 Ke5 0-1

[Event "East Detroit (MCO/5/11)"]
[Site "?"]
[Date "1984.??.??"]
[Round "?"]
[White "Selitsky, B.."]
[Black "Lehotzky, Attila"]
[Result "0-1"]
[WhiteElo "1750"]
[BlackElo "2020"]
[PlyCount "96"]
[EventDate "1984.??.??"]

{5/(11)} 1. e4 d6 2. d4 Nf6 3. Nc3 g6 4. Bc4 Bg7 5. Nf3 O-O 6. O-O Nbd7 7. h3
c5 8. Be3 a6 9. a4 Qc7 10. Be2 b6 11. Qd2 cxd4 12. Nxd4 Bb7 13. f3 Rfd8 14. Qe1
Ne5 15. Nb3 Nc4 16. Bxc4 Qxc4 17. Bxb6 Rdc8 18. Bf2 Rc7 19. Na5 Qb4 20. Nxb7
Qxb7 21. Rb1 Nh5 22. Be3 Rac8 23. Bd2 e6 24. f4 Bd4+ 25. Kh2 Nf6 26. e5 dxe5
27. fxe5 Nd5 28. Nxd5 Qxd5 29. Rd1 Qxe5+ 30. Bf4 Qxe1 31. Rfxe1 Bf2 32. Re2
Rxc2 33. Rxc2 Rxc2 34. Rd8+ Kg7 35. Be5+ Kh6 36. Rd7 Re2 37. Bc3 f5 38. Rd6 a5
39. Ra6 e5 40. Rxa5 e4 41. Re5 f4 42. Rd5 Be3 43. Bd4 Rd2 44. Bxe3 Rxd5 45.
Bxf4+ g5 46. Bc7 e3 47. Kg1 Rd1+ 48. Kh2 e2 0-1

[Event "East Detroit (MCO/1/35)"]
[Site "?"]
[Date "1984.??.??"]
[Round "?"]
[White "Selitsky, B.."]
[Black "Kellogg, S.."]
[Result "1-0"]
[WhiteElo "1750"]
[BlackElo "1605"]
[PlyCount "117"]
[EventDate "1984.??.??"]

{1/(35)} 1. e4 Nf6 2. e5 Nd5 3. d4 d6 4. Nf3 Bg4 5. Be2 Bxf3 6. Bxf3 c6 7. O-O
e6 8. b3 g6 9. c4 Nb6 10. exd6 N6d7 11. c5 Bg7 12. Nc3 Nxc5 13. dxc5 Bxc3 14.
Rb1 Bg7 15. Bb2 e5 16. Qe2 Nd7 17. Bg4 O-O 18. Bxd7 Qxd7 19. Bxe5 Rfe8 20. f4
Re6 21. Qb2 f6 22. Bc3 Rae8 23. Rbe1 Qf7 24. b4 Bh6 25. g3 Bg7 26. Qd2 Qd7 27.
Rxe6 Rxe6 28. Re1 Rxe1+ 29. Qxe1 Kf7 30. a4 a6 31. Kg2 h6 32. h3 g5 33. Qe4 Qe6
34. Qxe6+ Kxe6 35. Kf3 Bf8 36. fxg5 hxg5 37. Kg4 Kf7 38. Kf5 Bg7 39. a5 Kf8 40.
d7 Ke7 41. d8=Q+ Kxd8 42. Bxf6+ Bxf6 43. Kxf6 Kd7 44. Kxg5 Ke6 45. h4 Kd5 46.
h5 Kc4 47. h6 Kxb4 48. h7 Kxc5 49. h8=Q Kb5 50. Qb8 c5 51. Qc7 c4 52. Qb6+ Ka4
53. Qxb7 Kxa5 54. Qc6 Kb4 55. Qxa6 Kb3 56. Qa1 c3 57. Kf4 Kc2 58. g4 Kd2 59. g5
1-0

[Event "Plymouth (MI Op/2/63)"]
[Site "?"]
[Date "1984.??.??"]
[Round "?"]
[White "Selitsky, B.."]
[Black "Coates, J.."]
[Result "1-0"]
[WhiteElo "1790"]
[BlackElo "1605"]
[PlyCount "28"]
[EventDate "1984.??.??"]

{2/(63)} 1. e4 e5 2. Nf3 Nc6 3. Bb5 Nf6 4. O-O Bc5 5. c3 O-O 6. d4 exd4 7. cxd4
Nxd4 8. Nxd4 Bxd4 9. Qxd4 c6 10. Bd3 h6 11. Nc3 d6 12. Bf4 Ne8 13. e5 c5 14.
Qd5 dxe5 1-0

[Event "East Detroit (MCO/3/30)"]
[Site "?"]
[Date "1984.??.??"]
[Round "?"]
[White "Selitsky, B.."]
[Black "Burwell, Raymond"]
[Result "1-0"]
[WhiteElo "1750"]
[BlackElo "1605"]
[PlyCount "63"]
[EventDate "1984.??.??"]

{3/(30)} 1. e4 e5 2. Nf3 Nc6 3. Bb5 a6 4. Ba4 Nf6 5. O-O b5 6. Bb3 d6 7. Ng5 d5
8. exd5 Nd4 9. d6 Nxb3 10. dxc7 Qxc7 11. axb3 Be7 12. d3 Bb7 13. Qe2 O-O 14.
Be3 Qc6 15. f3 Nd5 16. Bc1 Qc5+ 17. Kh1 Nf4 18. Bxf4 exf4 19. Ne4 Qh5 20. d4
Bxe4 21. Qxe4 Bg5 22. Nd2 Rae8 23. Qf5 Re6 24. Ne4 Rh6 25. h3 Bh4 26. Qxh5 Rxh5
27. c4 f5 28. Nc5 Rh6 29. Nd3 Bf6 30. d5 bxc4 31. bxc4 g5 32. Rab1 {[Remainder
illegible; 1-0, 59?]} 1-0

[Event "Plymouth (MI Op/6/70)"]
[Site "?"]
[Date "1984.??.??"]
[Round "?"]
[White "Selitsky, B.."]
[Black "Alliston, Richard"]
[Result "0-1"]
[WhiteElo "1790"]
[BlackElo "1605"]
[PlyCount "46"]
[EventDate "1984.??.??"]

{6/(70)} 1. e4 c6 2. Nc3 d5 3. Nf3 d4 4. Ne2 c5 5. Ng3 e6 6. Bc4 Nc6 7. a3 Nf6
8. d3 h6 9. O-O Be7 10. Ne1 Bd7 11. f4 e5 12. Nf3 Bd6 13. f5 Qe7 14. Bd2 O-O
15. Qc1 a6 16. Ne2 b5 17. Bb3 a5 18. Nh4 Kh7 19. Rf3 Ng4 20. Rh3 Rac8 21. Ng3
Qd8 22. Qd1 Ne3 23. Nf1 Nxd1 0-1

[Event "East Detroit (MCO/4/24)"]
[Site "?"]
[Date "1984.??.??"]
[Round "?"]
[White "Schmidt, M.."]
[Black "Turner, Darrell"]
[Result "0-1"]
[WhiteElo "1640"]
[BlackElo "1805"]
[PlyCount "85"]
[EventDate "1984.??.??"]

{4/(24)} 1. e4 d6 2. Nf3 Nf6 3. Nc3 g6 4. Bc4 Bg7 5. O-O O-O 6. d3 Nc6 7. a3
Bg4 8. h3 Bxf3 9. Qxf3 Ne5 10. Qe2 Nxc4 11. dxc4 Nh5 12. Nd5 e6 13. Nb4 Bd4 14.
Nd3 Ng3 15. Qf3 Nxf1 16. Kxf1 Qh4 17. Bf4 f5 18. e5 dxe5 19. Bxe5 Bxe5 20. Nxe5
Rad8 21. Re1 Rd2 22. Qe3 Qd4 23. Qxd4 Rxd4 24. c3 Rd2 25. Re2 Rd1+ 26. Re1 Rfd8
27. Nf3 Kg7 28. Ke2 Rxe1+ 29. Kxe1 Kf6 30. Nd4 a6 31. f4 e5 32. fxe5+ Kxe5 33.
Kf2 Rxd4 34. cxd4+ Kxd4 35. Kf3 Kxc4 36. Kf4 Kb3 37. Kg5 c5 38. Kh6 c4 39. Kxh7
Kxb2 40. h4 c3 41. Kxg6 c2 42. h5 c1=Q 43. h6 {[Black played the illegal 43...
Qd6+; 0-1, 47]} 0-1

[Event "East Detroit (MCO/1/8)"]
[Site "?"]
[Date "1984.??.??"]
[Round "?"]
[White "Schmidt, M.."]
[Black "Thomas, C.."]
[Result "0-1"]
[WhiteElo "1640"]
[BlackElo "2115"]
[PlyCount "128"]
[EventDate "1984.??.??"]

{1/(8)} 1. e4 e6 2. Nf3 d5 3. exd5 exd5 4. b3 Nf6 5. Bb2 Be7 6. Be2 O-O 7. O-O
c5 8. d4 Nc6 9. dxc5 Bxc5 10. Nc3 Be6 11. Ng5 Rc8 12. Na4 Bd6 13. Nc3 Bb8 14.
Nb5 a6 15. Nd4 Qc7 16. g3 Nxd4 17. Bxd4 Ne4 18. Nxe6 fxe6 19. Bd3 e5 20. Bb2
Ng5 21. Qg4 Nf3+ 22. Kg2 e4 23. Be2 Qf7 24. Bxf3 exf3+ 25. Kg1 Rxc2 26. Qd4
Rxb2 27. Qxb2 Qf5 28. Kh1 Be5 29. Qd2 Qh3 30. Qxd5+ Kh8 31. Rg1 Bxa1 32. Qxb7
h6 33. Qxa6 Rf5 34. Qf1 Qxf1 35. Rxf1 Bd4 36. h4 Re5 37. Kh2 Re2 38. a4 Rb2 39.
Kh3 Rxb3 40. Kg4 Kg8 41. Kf4 Kf7 42. g4 Ke6 43. Re1+ Kd5 44. Rd1 Kc5 45. Rd2
Bb2 46. Ke4 Bf6 47. g5 hxg5 48. hxg5 Bb2 49. Rd5+ Kc6 50. Rb5 Rxb5 51. axb5+
Kxb5 52. Kxf3 Kc5 53. Kg4 Kd5 54. f4 Ke4 55. f5 Ba3 56. g6 Be7 57. Kh5 Bf6 58.
Kg4 Be5 59. f6 Bxf6 60. Kh5 Bb2 61. Kg5 Bc1+ 62. Kg4 Ke5 63. Kh4 Kf5 64. Kh5
Be3 0-1

[Event "Plymouth (MI Op/5/62)"]
[Site "?"]
[Date "1984.??.??"]
[Round "?"]
[White "Schell, Ken"]
[Black "Kappler, M.."]
[Result "1-0"]
[WhiteElo "1675"]
[BlackElo "1605"]
[PlyCount "113"]
[EventDate "1984.??.??"]

{5/(62)} 1. e4 e5 2. Nf3 Nc6 3. Bb5 d6 4. O-O a6 5. Ba4 Bg4 6. c3 Nf6 7. Re1
Be7 8. d4 b5 9. Bc2 d5 10. exd5 Qxd5 11. dxe5 Qxd1 12. Bxd1 Nd7 13. Bf4 Rd8 14.
Nbd2 O-O 15. Bb3 Nc5 16. Bc2 Ne6 17. Be3 Rd5 18. Be4 Bxf3 19. Nxf3 Rfd8 20.
Bxd5 Rxd5 21. Rad1 Rxd1 22. Rxd1 Nc5 23. Bxc5 Bxc5 24. Rd7 Bb6 25. Nd4 Bxd4 26.
cxd4 h6 27. f4 Kf8 28. d5 Nb4 29. d6 cxd6 30. Rxd6 Nxa2 31. Rxa6 Nb4 32. Ra8+
Ke7 33. Rb8 Nd3 34. Rxb5 Nxf4 35. g3 Nd3 36. Kf1 Ke6 37. Rb7 Nxe5 38. b4 h5 39.
b5 Kd6 40. Rb8 Kc7 41. Re8 Ng4 42. Re7+ Kb6 43. Rxf7 Nxh2+ 44. Kg2 Ng4 45. Rxg7
Kxb5 46. Rg5+ Kc6 47. Rxh5 Kd6 48. Kf3 Nf6 49. Ra5 Ke7 50. Kf4 Kf7 51. g4 Kg8
52. Kf5 Ne8 53. Kg6 Nc7 54. Kh6 Ne6 55. g5 Nf8 56. Ra8 Kf7 57. Rxf8+ 1-0